| 000 | 00428cam a2200181ua 4500 | ||
|---|---|---|---|
| 001 | 9041 | ||
| 008 | 160226n II |||gr||||Z||||||asm | ||
| 040 | _aMAIN | ||
| 041 | _aEnglish | ||
| 082 | _a891.451 KAT | ||
| 100 | _aBARKATAKY BIREN. | ||
| 245 | _aSAHITYAR PATABHUMI | ||
| 260 |
_aGUWAHATI _bASSAM BOOK DEPOT |
||
| 300 |
_a208: _c20CM. |
||
| 653 | _aAsomiya Sahitya | ||
| 700 |
_aBARKATAKY BIREN., _eAuthor. |
||
| 942 | _cBK | ||
| 999 |
_c9017 _d9017 |
||